| 000 | nam a22 7a 4500 | ||
|---|---|---|---|
| 999 |
_c150781 _d150779 |
||
| 005 | 20190830111420.0 | ||
| 008 | 190830b ag ||||| |||| 00| 0 spa d | ||
| 020 | _a9507270787 | ||
| 050 | 0 | 4 |
_aKHA5591 _bV39 1995 |
| 100 | 1 | _aVázquez Rossi, Jorge E. | |
| 245 | 1 | 3 |
_aLa protección jurídica del honor _c/ Jorge E. Vázquez Rossi. |
| 250 | _a1a ed. | ||
| 260 |
_aSanta Fé, Argentina : _bRubinzal-Culzoni Editores, _c1995. |
||
| 300 |
_a205 p. ; _c23 cm. |
||
| 504 | _aincluye bibliografía e índice. | ||
| 650 | 7 |
_2lemb _aDifamación _zArgentina |
|
| 650 | 4 |
_aDelitos contra el honor _xArgentina |
|
| 942 |
_2lcc _cISS |
||